000 00288nam a22001337a 4500
008 171019b xxu||||| |||| 00| 0 eng d
020 _a9780470286371
041 _aeng
080 _23RD
_a338
100 _a53
101 _aMEN
245 _aWINNING GRANTS
_cCARLSON,M
942 _2udc
_cBK
999 _c34974
_d34974